000 00336nam a2200133Ia 4500
008 150201s2008 xx 000 0 und d
082 _a616.5
_bN08E
100 _aEICHENFIELD,LAWRENCE F
245 _aNEONATL DERMATOLOGY
250 _a2ND
260 _bSUNDERS ELSEVIER
_aDELHI
_c2008
650 _aMEDICINE AND DIAGNOSIS
942 _2ddc
_cBK
999 _c985
_d985